Aportes para la enseñanza de la lectura: segundo estudio regional comparativo y explicativo

Salvato in:
Dettagli Bibliografici
Ente Autore: UNESCO (Autore)
Natura: Libro
Lingua:spagnolo
Pubblicazione: Santiago Llece 2009
Soggetti:
Tags: Aggiungi Tag
Nessun Tag, puoi essere il primo ad aggiungerne!!

MARC

LEADER 00000cam a2200000 a 4500
001 UCG9236
003 CL-VaPUC
008 120302e20090000CL |||||||||||||||||spa|d
020 |a 9789563220056 
082 0 4 |a 372.4  |b UNE  |2 21 
110 2 |a UNESCO  |e author  |9 560717 
245 1 0 |a Aportes para la enseñanza de la lectura: segundo estudio regional comparativo y explicativo 
300 |a 138 p 
942 |c BK 
945 |d 20120302 00:00:00  |a dcastane 
260 |a Santiago  |b Llece  |c 2009 
650 0 |a Enseñanza de la lectura  |9 308364 
650 0 |a Lectura  |9 307634 
650 0 |a Educación básica   |9 224933 
583 |a last modification  |c 20120302 10:37:00  |k Rodrigo Vera 
999 |c 346800  |d 346798 
952 |0 0  |1 0  |4 0  |6 372_400000000000000_UNE_2009  |7 0  |8 A  |9 447624  |a BIBEDU  |b BIBEDU  |c ES_NOD  |d 2019-11-22  |i 4837657  |o 372.4 UNE 2009  |p 4837657  |r 2023-08-09  |w 2019-11-22  |y BK  |k EBA 
952 |0 0  |1 0  |4 0  |6 372_400000000000000_UNE_2009  |7 0  |8 A  |9 447625  |a BIBEDU  |b BIBEDU  |c ES_NOD  |d 2019-11-22  |i 4837649  |l 1  |o 372.4 UNE 2009  |p 4837649  |r 2023-08-09  |s 2023-03-30  |w 2019-11-22  |y BK  |k EBA